[Event "US Open-116"]
[Site "Phoenix"]
[Date "2015.08.06"]
[Round "6"]
[White "Sinanan, Joshua C"]
[Black "Carr, John B"]
[Result "1-0"]
[WhiteElo "2221"]
[BlackElo "1926"]
[PlyCount "79"]
[EventDate "2015.08.01"]
[EventType "swiss"]
[EventRounds "9"]
[EventCountry "USA"]
[SourceTitle "CBM 167 Extra"]
[Source "ChessBase"]
[SourceDate "2015.09.14"]
[SourceVersion "1"]
[SourceVersionDate "2015.09.14"]
[SourceQuality "1"]

1. d4 f5 2. g3 e6 3. Bg2 Nf6 4. Nf3 Be7 5. 0-0 0-0 6. c4 d6 7. b4 a5 8. b5 Nbd7 9. Ng5 Nb6 10. Nd2 e5 11. Bb2 h6 12. Nh3 Ng4 13. c5 dxc5 14. dxe5 a4 15. Nc4 g5 16. Qc2 Be6 17. Nxb6 cxb6 18. Bxb7 Ra7 19. Bc6 Qb8 20. Rfd1 Rd8 21. Rxd8+ Qxd8 22. Rd1 Qf8 23. Bd5 Bxd5 24. Rxd5 Qf7 25. e4 f4 26. gxf4 gxf4 27. Qc3 Qg7 28. Kh1 a3 29. Bc1 Bh4 30. Qf3 Qg6 31. Rd6 Qg7 32. Bxf4 Rf7 33. e6 Qa1+ 34. Kg2 Rg7 35. Bg3 Ne5 36. Qh5 Bxg3 37. hxg3 Qc3 38. Rd8+ Kh7 39. Qf5+ Ng6 40. Nf4 1-0

[Event "Washington op"]
[Site "Lynnwood"]
[Date "2015.05.24"]
[Round "3"]
[White "Sinanan, Joshua C"]
[Black "Bragg, David R"]
[Result "1-0"]
[WhiteElo "2233"]
[BlackElo "2128"]
[PlyCount "61"]
[EventDate "2015.05.23"]
[EventType "swiss"]
[EventRounds "6"]
[EventCountry "USA"]
[SourceTitle "EXT 2017"]
[Source "ChessBase"]
[SourceDate "2016.10.25"]
[SourceVersion "1"]
[SourceVersionDate "2016.10.25"]
[SourceQuality "1"]

1. Nf3 b6 2. c4 Nf6 3. Nc3 Bb7 4. e3 e6 5. b3 g6 6. Bb2 Bg7 7. Be2 0-0 8. Qc2 d6 9. d4 a6 10. 0-0 Nbd7 11. b4 c5 12. dxc5 bxc5 13. a3 Qc7 14. Qb3 cxb4 15. axb4 Rab8 16. Rfd1 Rfc8 17. Nd2 d5 18. c5 Ne5 19. Na4 Nfd7 20. Rac1 Nc6 21. Bxg7 Kxg7 22. Qa3 Rd8 23. Rb1 Na7 24. Nb3 Nb5 25. Bxb5 axb5 26. Nc3 Bc6 27. Qb2 Ne5 28. Ne2 f6 29. Nf4 Kf7 30. Nd4 Bd7 31. Qe2 1-0

[Event "Washington op"]
[Site "Lynnwood"]
[Date "2015.05.23"]
[Round "2"]
[White "Sinanan, Joshua C"]
[Black "Raptis, Nick"]
[Result "0-1"]
[WhiteElo "2233"]
[BlackElo "2335"]
[PlyCount "110"]
[EventDate "2015.05.23"]
[EventType "swiss"]
[EventRounds "6"]
[EventCountry "USA"]
[SourceTitle "EXT 2017"]
[Source "ChessBase"]
[SourceDate "2016.10.25"]
[SourceVersion "1"]
[SourceVersionDate "2016.10.25"]
[SourceQuality "1"]

1. d4 Nf6 2. c4 g6 3. g3 Bg7 4. Bg2 0-0 5. Nc3 c5 6. d5 d6 7. Nf3 e6 8. 0-0 exd5 9. cxd5 a6 10. a4 Re8 11. Nd2 Nbd7 12. h3 Rb8 13. Nc4 Nb6 14. Na3 Bd7 15. a5 Nc8 16. Nc4 Bb5 17. Qb3 Bxc4 18. Qxc4 b5 19. axb6 Nxb6 20. Qd3 a5 21. Bd2 Nfd7 22. Rfb1 c4 23. Qc2 Nc5 24. Rxa5 Nb3 25. Ra6 Qc8 26. Ra3 Nd4 27. Qd1 Nd7 28. Ne4 Nb5 29. Ra5 Qc7 30. Ra6 Ne5 31. Rba1 Qb7 32. Bc3 Qe7 33. R1a5 Red8 34. Qa4 Nxc3 35. bxc3 f5 36. Ra7 Nd7 37. Ng5 Bxc3 38. Ne6 Bxa5 39. Qxa5 Rdc8 40. Qa4 Nb6 41. Qa1 Ra8 42. Rxa8 Rxa8 43. Qd4 Qa7 44. Kh2 Rc8 45. Qe3 c3 46. Nd4 c2 47. Nc6 Qa1 48. f4 c1Q 49. Qxb6 Qg7 50. h4 Qc5 51. Qb3 Re8 52. Bf3 Qa1 53. h5 Qcg1+ 54. Kh3 Qh1+ 55. Bxh1 Qxh1# 0-1

[Event "Vancouver op"]
[Site "Vancouver"]
[Date "2014.08.09"]
[Round "3"]
[White "Sinanan, Joshua C"]
[Black "Raptis, Nick"]
[Result "1/2-1/2"]
[WhiteElo "2269"]
[BlackElo "2350"]
[PlyCount "38"]
[EventDate "2014.08.09"]
[EventType "swiss"]
[EventRounds "5"]
[EventCountry "CAN"]
[SourceTitle "EXT 2017"]
[Source "ChessBase"]
[SourceDate "2016.10.25"]
[SourceVersion "1"]
[SourceVersionDate "2016.10.25"]
[SourceQuality "1"]

1. d4 Nf6 2. c4 g6 3. Nc3 Bg7 4. e4 d6 5. Nge2 0-0 6. Ng3 c5 7. d5 e6 8. Be2 exd5 9. cxd5 Na6 10. 0-0 Nc7 11. Be3 Re8 12. Rb1 Bd7 13. a3 a5 14. Qd2 b5 15. b4 axb4 16. axb4 cxb4 17. Rxb4 Na6 18. Rbb1 b4 19. Na2 Nxe4 1/2-1/2

[Event "Washington State-ch"]
[Site "Seattle"]
[Date "2014.02.09"]
[Round "3"]
[White "He, Daniel Ming"]
[Black "Sinanan, Joshua C"]
[Result "1/2-1/2"]
[WhiteElo "2179"]
[BlackElo "2210"]
[PlyCount "128"]
[EventDate "2014.02.08"]
[EventType "tourn"]
[EventRounds "9"]
[EventCountry "USA"]
[SourceTitle "EXT 2017"]
[Source "ChessBase"]
[SourceDate "2016.10.25"]
[SourceVersion "1"]
[SourceVersionDate "2016.10.25"]
[SourceQuality "1"]

1. c4 e5 2. g3 Nc6 3. Bg2 f5 4. e3 Nf6 5. Ne2 d5 6. cxd5 Nb4 7. d3 Nbxd5 8. a3 c6 9. 0-0 Be6 10. b4 a5 11. bxa5 Qxa5 12. Bb2 Bd6 13. Nd2 Nb6 14. Bc3 Qa6 15. Nf3 Nfd7 16. e4 h6 17. Nh4 fxe4 18. Ng6 Rg8 19. Bxe4 Nd5 20. Bb2 Qa4 21. d4 Qxd1 22. Rfxd1 N5f6 23. Bxc6 bxc6 24. dxe5 Bxe5 25. Nxe5 Nxe5 26. Bxe5 Nd5 27. Nd4 Bd7 28. Rdc1 Rc8 29. Nb3 Kf7 30. Nc5 Bf5 31. Nb7 Ke6 32. Re1 Kd7 33. Nd6 Rcf8 34. Nxf5 Rxf5 35. Rab1 g5 36. Rb7+ Ke6 37. Bg7+ Kd6 38. Bxh6 c5 39. Rg7 Rxg7 40. Bxg7 Rf3 41. Re5 c4 42. Rxg5 c3 43. Bxc3 Rxc3 44. a4 Ra3 45. Rg4 Ra2 46. h4 Nf6 47. Rf4 Ke5 48. Kg2 Ne4 49. h5 Rxa4 50. Rf8 Nf6 51. f4+ Ke6 52. h6 Ra7 53. Kh3 Rh7 54. Kh4 Nd7 55. Ra8 Rxh6+ 56. Kg5 Rh3 57. g4 Rg3 58. Ra6+ Kf7 59. Kf5 Rb3 60. g5 Rb5+ 61. Kg4 Nf8 62. f5 Rb1 63. Ra7+ Kg8 64. g6 Nxg6 1/2-1/2

[Event "Washington State-ch"]
[Site "Seattle"]
[Date "2014.02.08"]
[Round "1"]
[White "Feng, Roland"]
[Black "Sinanan, Joshua C"]
[Result "1-0"]
[WhiteElo "2100"]
[BlackElo "2210"]
[PlyCount "63"]
[EventDate "2014.02.08"]
[EventType "tourn"]
[EventRounds "9"]
[EventCountry "USA"]
[SourceTitle "EXT 2017"]
[Source "ChessBase"]
[SourceDate "2016.10.25"]
[SourceVersion "1"]
[SourceVersionDate "2016.10.25"]
[SourceQuality "1"]

1. d4 Nf6 2. c4 e6 3. Nc3 Bb4 4. Qc2 0-0 5. a3 Bxc3+ 6. Qxc3 d6 7. Nf3 Nbd7 8. e3 b6 9. Bd3 e5 10. dxe5 dxe5 11. Be2 Ne4 12. Qc2 Bb7 13. 0-0 Ng5 14. Nxg5 Qxg5 15. f3 a5 16. b3 Nc5 17. Qc3 f6 18. Bb2 Rad8 19. Rad1 Qg6 20. Ba1 e4 21. f4 Nd3 22. Rd2 c5 23. Rfd1 Nxf4 24. exf4 e3 25. Rd5 Bxd5 26. cxd5 Qe4 27. Qc4 Qxc4 28. Bxc4 Rd6 29. a4 Re8 30. Kf1 Kf8 31. Ke2 Re7 32. Rd3 1-0

[Event "Washington Class-ch Master"]
[Site "Redmond"]
[Date "2012.11.25"]
[Round "6"]
[White "Sinanan, Joshua C"]
[Black "Sang, Tian"]
[Result "1/2-1/2"]
[WhiteElo "2262"]
[BlackElo "2213"]
[PlyCount "33"]
[EventDate "2012.11.23"]
[EventType "swiss"]
[EventRounds "6"]
[EventCountry "USA"]
[SourceTitle "EXT 2017"]
[Source "ChessBase"]
[SourceDate "2016.10.25"]
[SourceVersion "1"]
[SourceVersionDate "2016.10.25"]
[SourceQuality "1"]

1. d4 Nf6 2. c4 e6 3. g3 Bb4+ 4. Bd2 Qe7 5. Nf3 Nc6 6. Nc3 d5 7. Bg2 0-0 8. 0-0 dxc4 9. Bg5 h6 10. Bxf6 Qxf6 11. Ne4 Qe7 12. Qc2 e5 13. dxe5 Nxe5 14. Nxe5 Qxe5 15. Qxc4 Be7 16. Rac1 c6 17. Qc3 1/2-1/2

[Event "USA tt"]
[Site "ICC INT"]
[Date "2012.10.31"]
[Round "9"]
[White "Sinanan, Joshua C"]
[Black "Lee, Andy C"]
[Result "0-1"]
[WhiteElo "2227"]
[BlackElo "2227"]
[PlyCount "118"]
[EventDate "2012.09.04"]
[EventType "team-tourn"]
[EventRounds "10"]
[EventCountry "USA"]
[SourceTitle "EXT 2013"]
[Source "ChessBase"]
[SourceDate "2012.11.22"]
[SourceVersion "1"]
[SourceVersionDate "2012.11.22"]
[SourceQuality "1"]
[WhiteTeam "Seattle"]
[BlackTeam "San Francisco"]
[WhiteTeamCountry "USA"]
[BlackTeamCountry "USA"]

1. d4 Nf6 2. c4 c5 3. d5 b5 4. cxb5 a6 5. bxa6 g6 6. Nc3 Bxa6 7. Nf3 d6 8. e4 Bxf1 9. Kxf1 Bg7 10. g3 0-0 11. Kg2 Nbd7 12. a4 Ra6 13. Qc2 Qa8 14. Nb5 Ne8 15. Bg5 f6 16. Bd2 Qb7 17. Bc3 Nc7 18. Nxc7 Qxc7 19. b3 Qb7 20. Rhe1 Bh6 21. Kg1 Ne5 22. Nxe5 fxe5 23. Reb1 Raa8 24. Kg2 Qa6 25. Rf1 Rab8 26. Rab1 Rb7 27. Rb2 Be3 28. Rbb1 Bd4 29. Bxd4 exd4 30. f4 Rb4 31. Rbd1 c4 32. bxc4 Rxc4 33. Qe2 Qxa4 34. f5 Rc2 35. Rd2 d3 36. Qxd3 Rxd2+ 37. Qxd2 Qxe4+ 38. Kg1 Rxf5 39. Re1 Qc4 40. Rd1 Re5 41. Qa5 Kg7 42. Qd2 Re2 43. Qd4+ Qxd4+ 44. Rxd4 Kf6 45. Rf4+ Ke5 46. Rf7 Kxd5 47. Rxh7 Ke6 48. Rh4 d5 49. Ra4 Ke5 50. h4 d4 51. Kf1 Rb2 52. g4 Rh2 53. h5 gxh5 54. gxh5 Ke4 55. Ra7 e5 56. Rh7 d3 57. h6 d2 58. Rd7 Ke3 59. h7 Rxh7 0-1

[Event "USA tt"]
[Site "ICC INT"]
[Date "2012.09.24"]
[Round "4"]
[White "Sinanan, Joshua C"]
[Black "Selzler, Richard"]
[Result "1-0"]
[WhiteElo "2227"]
[BlackElo "2200"]
[PlyCount "101"]
[EventDate "2012.09.04"]
[EventType "team-tourn"]
[EventRounds "10"]
[EventCountry "USA"]
[SourceTitle "CBM 150 Extra"]
[Source "ChessBase"]
[SourceDate "2012.10.19"]
[SourceVersion "1"]
[SourceVersionDate "2012.10.19"]
[SourceQuality "1"]
[WhiteTeam "Seattle"]
[BlackTeam "Baltimore"]
[WhiteTeamCountry "USA"]
[BlackTeamCountry "USA"]

1. d4 d5 2. c4 c6 3. Nf3 Nf6 4. Nc3 e6 5. e3 Nbd7 6. Qc2 Bd6 7. Bd3 dxc4 8. Bxc4 b5 9. Be2 Bb7 10. 0-0 0-0 11. Rd1 Qe7 12. e4 e5 13. Bg5 b4 14. dxe5 Nxe5 15. Nd4 Bc5 16. Na4 Bxd4 17. Rxd4 h6 18. Bxf6 Qxf6 19. Rxb4 Bc8 20. Rd1 Qg6 21. Qc3 Re8 22. Qg3 Qf6 23. Rbd4 Ng6 24. Bc4 Be6 25. Rd6 Nf4 26. Nc3 Rab8 27. b3 Qe5 28. Bf1 c5 29. Qe3 Qg5 30. Kh1 Bg4 31. f3 Bh5 32. g3 Ne6 33. f4 Qe7 34. Rd7 Qf8 35. R1d5 Bg4 36. h3 Nxf4 37. Qxf4 Bxd7 38. Rxd7 Rbd8 39. Rxa7 Re7 40. Rxe7 Qxe7 41. Nd5 Qa7 42. a4 Qa5 43. Bc4 Qe1+ 44. Kg2 Kh8 45. h4 Re8 46. Ne3 f6 47. Bd5 Qd2+ 48. Qf2 Qc3 49. Nf5 c4 50. Qa7 Qc2+ 51. Kh3 1-0

[Event "US Open-113"]
[Site "Vancouver"]
[Date "2012.08.12"]
[Round "9"]
[White "Sinanan, Joshua C"]
[Black "Neimer, Vitaly"]
[Result "0-1"]
[WhiteElo "2227"]
[BlackElo "2373"]
[PlyCount "120"]
[EventDate "2012.08.04"]
[EventType "swiss"]
[EventRounds "9"]
[EventCountry "USA"]
[SourceTitle "CBM 149 Extra"]
[Source "ChessBase"]
[SourceDate "2012.08.24"]
[SourceVersion "1"]
[SourceVersionDate "2012.08.24"]
[SourceQuality "1"]

1. d4 Nf6 2. c4 e6 3. g3 d5 4. Nf3 dxc4 5. Bg2 a6 6. 0-0 Nc6 7. Nc3 Be7 8. e4 0-0 9. Qe2 b5 10. Rd1 Nb4 11. Ne1 Re8 12. Be3 Bb7 13. Rac1 Bf8 14. h3 h6 15. f4 Qd7 16. g4 Red8 17. g5 hxg5 18. fxg5 Ne8 19. g6 fxg6 20. a3 Nd3 21. Nxd3 cxd3 22. Qxd3 e5 23. d5 c5 24. Bg5 Be7 25. Qg3 Bxg5 26. Qxg5 Qd6 27. Rf1 Nc7 28. Nd1 Bc8 29. Nf2 c4 30. b3 Bd7 31. bxc4 bxc4 32. Rxc4 Bb5 33. Rfc1 Bxc4 34. Rxc4 Rac8 35. Rc6 Ne6 36. Rxd6 Nxg5 37. Rxg6 Nf7 38. Rxa6 Ra8 39. Re6 Re8 40. Nd3 Rxe6 41. dxe6 Ng5 42. Nxe5 Nxe6 43. Nc4 Ra4 44. Bf1 Kf7 45. e5 Nf4 46. Kh2 Ke6 47. h4 Ng6 48. Bh3+ Ke7 49. Bf1 Nxh4 50. Kg3 Ng6 51. Kf2 Nf4 52. Kf3 Nd5 53. Bd3 Ke6 54. Kg3 Ne7 55. Be2 Kf5 56. Bd3+ Kg5 57. Kf3 Kh4 58. Kg2 Kg4 59. Be2+ Kf4 60. Bd3 Nc6 0-1